000 00560nam a22002057a 4500
003 PILC
005 20151027134520.0
008 130920t xxu||||| |||| 00| 0 eng d
050 _aTT 870
_b.N163o1
082 _aGS 745.54
_bP259 19
100 _aNakata, Atsuko
_921063
245 _aOrigami 1 :
_bfun with paper folding /
_cMrs. Atsuko Nakata.
260 _aTokyo :
_bFroebel -Kan Co, Ltd.
300 _c20 cm.
440 _aOrigami
_n#1
_921064
650 _aOrigami
_921065
650 _aCreative handicrafts
_921066
942 _2lcc
_cBK
999 _c11766
_d11766